LEADER 01032naa a2200217 u 4500 001 000000103675 003 CaOOAMICUS 005 20070226130217.0 008 061121s1974 it u000 u fre u 035 $a11107674 040 $aIAR$bita 100 1 $aGraffin, François,$cS.I.$0(OLS)http://pul/name/8909 245 13$aLe florilège patristique de Philoxène de Mabboug /$cFrançois Graffin, S.I. 260 $aRoma :$bPont. Institutum Orientalium Studiorum,$c1974. 300 $ap. 267-290 ;$c24 cm 500 $aIAR: CCI.651 600 04$aPhiloxenus,$cvesc. di Hierapolis,$dm. c. 523.$0(OLS)http://pul/subject/1528 773 0 $aSymposium syriacum 1972. 773 0 $aSymposium Syriacum.$tSymposium syriacum 1972, célebré dans les jours 26-31 October 1972 à l'Institut Pontifical Oriental de Rome : rapports et communications$g197$w()27355 996 $6245$aLe florilège patristique de Philoxène de Mabboug$9(OLS)http://pul/title/130579 996 $6260$aRoma :$bPont. Institutum Orientalium Studiorum$9(OLS)http://pul/publisher/58679 LEADER 01094nam a2200253 i 4500 001 000000105697 003 CaOOAMICUS 005 20070615130655.0 008 070615s2006 ne 000 u eng c 020 $a1-4020-3877-1 040 $aPUL$bita$dLDB 100 1 $aPoma, Andrea.$0(OLS)http://pul/name/5558 245 10$aYearning for form and other essays on Hermann Cohen's thought /$cby Andrea Poma. 260 $aDordrecht :$bSpringer,$cc2006. 300 $axiii, 388 p. ;$c23 cm 490 1 $aStudies in German Idealism ;$v05 600 14$aCohen, Hermann,$d1842-1918.$0(OLS)http://pul/subject/23938 830 0$aStudies in German Idealism ;$v05.$0(OLS)http://pul/title/133053 850 $aPUL 852 $aPUL$W1$xSL Filosofia 3$y81$m193 POMAN 1$j118471$qDDC 21$B118371$CPULBib$Z2$F118371 $H100584 $82 941 1 $a9 996 $6020$a1-4020-3877-1$9(OLS)http://pul/number/134884 996 $6245$aYearning for form and other essays on Hermann Cohen's thought$9(OLS)http://pul/title/133052 996 $6260$aDordrecht :$bSpringer$9(OLS)http://pul/publisher/77549